000 00479ntaaa2200181 4500
003 01
005 20251027201200.0
008 0714s1973 ag 01
040 _aAR-BaBN
_bspa
_cAR-BaBN
_eaacr
_dRIC
082 _a220.31 T63
100 _aTorrey, R. A.
_93894
245 _aPreguntas prácticas y difíciles contestadas. /
_cR. A. Torrey
250 _a1 ed.
260 _aChicago :
_bEditorial Moody,
_cn.f.
300 _a128 p.
650 _aCuestionarios Bíblicos
942 _cBK
999 _c6118
_d6118